Flag coloring book puzzle #4 - Statistics

General Stats
  • This quiz has been taken 14,600 times
  • The average score is 4 of 6
Answers on the Map
Answers color-coded by a green-red scale on the quiz's map according to % correct below.
 
Answer Stats
Answer % Correct
Green
70%
Yellow
64%
Black
63%
Red
62%
White
54%
Blue
52%
No matching quizzes found
Score Distribution
Percent of People with Each Score
Percentile by Number Answered
Your Score History
You have not taken this quiz